| 000 | 00469pab a2200145 454500 | ||
|---|---|---|---|
| 008 | 180718b2006 xxu||||| |||| 00| 0 eng d | ||
| 100 | _aChristensen, Robert K. | ||
| 245 | _aInternational nongovernmental organizations: globalization, policy learning, and the nation-state | ||
| 260 | _c2006 | ||
| 300 | _ap.281-303. | ||
| 650 | _aGlobalization | ||
| 650 | _aNongovernmental organizations | ||
| 773 | _aInternational Journal of Public Administration | ||
| 909 | _a70819 | ||
| 999 |
_c70819 _d70819 |
||